| 000 | 00746nam a2200277Ia 4500 | ||
|---|---|---|---|
| 003 | OSt | ||
| 005 | 20221005045239.0 | ||
| 006 | a|||||r|||| 00| 0 | ||
| 007 | ta | ||
| 008 | 221004b |||||||| |||| 00| 0 eng d | ||
| 020 | _a1873410263 | ||
| 024 | _a29211 | ||
| 037 | _cTextual | ||
| 040 |
_aCRL _cCRL _beng |
||
| 041 |
_2eng _aeng |
||
| 082 | _aV42'M5, N4 | ||
| 100 |
_aHoare J.E. _9593319 |
||
| 245 | 0 |
_aJapan's treaty ports and foreign settlements _b The uninvited guests 1858-1899 |
|
| 260 |
_aKent _bJapan Library _c1994 |
||
| 300 |
_a264 _ccm. |
||
| 490 | _aMeiji Japan Series | ||
| 650 | _a HISTORY | ||
| 650 | _aJAPAN - HISTORY | ||
| 942 |
_hV42'M5, N4 _cTEXL _2cc |
||
| 999 |
_c954683 _d954683 |
||